इथे बहर भाव फुलला (Record no. 337426)

MARC details
000 -LEADER
fixed length control field 00555nam a2200169Ia 4500
008 - FIXED-LENGTH DATA ELEMENTS--GENERAL INFORMATION
fixed length control field 090711s9999 xx 000 0 und d
082 ## - DEWEY DECIMAL CLASSIFICATION NUMBER
Item number 446
100 ## - MAIN ENTRY--PERSONAL NAME
Personal name भडभडे सुमन
245 ## - TITLE STATEMENT
Title इथे बहर भाव फुलला
260 ## - PUBLICATION, DISTRIBUTION, ETC. (IMPRINT)
Name of publisher, distributor, etc मनोरमा प्रकाशन
Date of publication, distribution, etc 2000
300 ## - PHYSICAL DESCRIPTION
Extent 221
600 ## - SUBJECT ADDED ENTRY--PERSONAL NAME
Personal name भडभडे सुमन
630 ## - SUBJECT ADDED ENTRY--UNIFORM TITLE
Uniform title इथे बहर भाव फुलला
700 ## - ADDED ENTRY--PERSONAL NAME
Personal name भडभडे सुमन
730 ## - ADDED ENTRY--UNIFORM TITLE
Uniform title इथे बहर भाव फुलला
942 ## - ADDED ENTRY ELEMENTS (KOHA)
Koha item type Book

No items available.